|
|
|
|
| LEADER |
00000cam a2200000 a 4500 |
| 001 |
033874 |
| 003 |
UAHC_CL |
| 005 |
20170803123700.0 |
| 008 |
130925b xx j 000 1 eng |
| 040 |
|
|
|a UAHC_CL
|c UAHC_CL
|d UAHC_CL
|
| 245 |
1 |
3 |
|a La familia nuclear en México :
|b lecturas de su modernidad siglos XVI al XX /
|c Rosario Esteinou.
|
| 260 |
|
|
|b Porrúa
|a México
|c 2008
|
| 300 |
|
|
|a 243 p.
|
| 900 |
|
|
|a FONDECYT
|
| 942 |
|
|
|c BK
|
| 952 |
|
|
|0 0
|1 0
|4 0
|6 FONDECYT
|7 0
|8 General
|9 64681
|a BC
|b BC
|c General
|d 2017-08-03
|l 0
|o FONDECYT
|p 120A
|q 2017-06-28
|r 2017-08-03 00:00:00
|t 1
|w 2017-08-03
|y BK
|
| 999 |
|
|
|c 33874
|d 33874
|